000 01279ngm a22003250a 4500
001 PT1993
003 AR-LpoUNG
005 20210202000217.0
007 vd cvaizq
008 191001s1994||||ag |||||||||||||||||spa d
020 _a9504359264
040 _aAR-LpoUNG
_bspa
_cAR-LpoUNG
_eaacr
041 _aspa
044 _aag
082 0 _a982 632v2
100 1 _aDino, Marta
245 1 0 _aHistoria Argentina :
_b1930-1955 : procesos socioeconómicos, políticos y culturales
260 _aBuenos Aires :
_bDiana,
_cagosto de 1994.
300 _aVHS (70 min.) : son., col.
520 _aUriburu, Primer mundial de futbol, La decada infame, Gardel, Mussolini, Wall Street, La crisis de 1930, Justo, Chaplin, Hitler, New Deal, Wall Street, Getulio Vargas, Lazaro Cardenas, Pacto Roca Runciman, Lisandro de la Torre, severino Dio Giovanni, Guerra Civil Española, Ortiz, Stalin, Castillo, Segundo Guerra Mundial, El holocausto, Nuremberg, Hiroshima, Guerra Fria, Los nuevos estados, Peron, Eva Peron, Mao Tse Tung, Revolucion Libertadora.
650 4 _aANALISIS HISTORICO
650 4 _aARGENTINA
650 4 _aHISTORIA
651 4 _aArgentina
653 _aVIDEOS
700 1 _aMora, Carlos
700 1 _aPigna, Felipe
_edir.
905 _a1993
942 _cVIDEO
999 _c54354
_d54354